00521nam a2200169Ia 4500003000900000008004100009020002200050040001600072080001800088245009500106260004700201300001000248650002400258650002000282650002000302700002900322IN-BaIIA211028s9999 xx 000 0 eng d a978-0-226-28229-9 cIIA Library a524.3-54bPHY 0aPhysical processes in circumstellar disks around young starscedited by Paulo J. V. Garcia aChicagobUniversity of Chicago Pressc2011 a422p. aDisks(Astrophysics) aStars-Evolution aStars-Formation aGarcia, Paulo J. V., ed.